| 000 | 01431nam a22003017a 4500 | ||
|---|---|---|---|
| 003 | OSt | ||
| 005 | 20250612105500.0 | ||
| 008 | 200217t2015 sp a|||dr|||| 00| f spa d | ||
| 020 | _a9788496886445 | ||
| 040 |
_aCO-JMCR _cCO-JMCR |
||
| 041 | 1 |
_aspa _hInglés |
|
| 082 | 0 | 4 |
_aJ-N _bNORl |
| 100 | 1 |
_aNorthrop, Michael, _eautor _9638 |
|
| 245 | 1 | 3 |
_aEl libro de los muertes / _cMichael Northrop ; traducción, Isabel de Miquel |
| 250 | _a1a. edicicón | ||
| 260 |
_aBarcelona : _bUrano, _c©2015 |
||
| 300 |
_a187 páginas : _bilustraciones a color ; _c22 cm. |
||
| 490 | 0 |
_aTombquest _vLibro1 |
|
| 500 | _aIncluye datos biográficos del autor en página 187. | ||
| 500 | 1 | _aTítulo original : Book of the Dead. | |
| 505 | _aUn secreto mortal -- Ren -- Pasar el corazón -- La puerta de la muerte -- Tiempo prestado -- Oscuridad -- Para más tarde -- Los conjuros perdidos -- Despertar -- El que regresa -- La hiena -- Raptada -- La misión -- Salir a huertadillas -- El hombre aguijoneado -- El club de la lectura -- El amuleto -- Escorpiones -- Trabajo sucio -- Tras las pistas del enemigo -- Dentro de la tumba -- La hora de la verdad -- Un nuevo camino | ||
| 520 | _aUna puerta al más allá acaba de abrirse después de siglos. | ||
| 546 | 1 | _aTraducido del inglés. | |
| 650 | 2 | 4 |
_aNovela _zEstadounidense _9639 |
| 650 | 2 | 4 |
_aNovela _xmagia _9640 |
| 700 | 1 |
_aMiquel, Isabel de. _etraductora _9641 |
|
| 942 |
_2ddc _cBK |
||
| 999 |
_c6532 _d6532 |
||